000 00626nam a2200217Ii 4500
003 JO-AjNU
008 230606s9999||||xx |||||||||||||| ||und||
020 _a978-93-534-3301-7
040 _aJO-AjNU
_beng
_erda
_cJO-AjNU
041 _aeng
050 1 4 _aQA39.3.G66 2020
100 3 _aGoodaire,Edgar G / Michael M. Parmnter,
_eauthor
_96268
245 0 0 _aDiscrete Mathematics with Graph Theory
250 _a3ed
264 3 1 _aNew york:pearson,2020
300 _a460p
336 _atext
_btxt
_2rdacontent
337 _aunmediated
_bn
_2rdamedia
338 _avolume
_bnc
_2rdacarrier
650 4 _atheory-mathematics
_96269
999 _aE3252
_c3248
_d3248